Les footballeurs avec les plus grosses barbes - Statistiques

Statistiques générales
  • Ce quiz a été pris 210 fois
  • Le résultat moyen est 8 sur 14
Statistiques - réponses
Par images Réponse % Correct
Lionel Messi
98%
Olivier Giroud
97%
Gerard Piqué
91%
Andrea Pirlo
90%
Nabil Fekir
88%
Isco
76%
Arda Turan
65%
Tim Howard
57%
Nicolás Otamendi
55%
Daniele De Rossi
52%
Raul Meireles
20%
Joe Ledley
7%
Aron Gunnarsson
6%
Marco Sailer
1%
Aucun quiz correspondant
Distribution des résultats
% des personnes avec chaque résultat
Percentile par nombre de réponses
Votre historique - résultats
Vous n’avez pas pris ce quiz